000
00262nam a22001217a 4500
008
170706b xxu||||| |||| 00| 0 eng d
041
_a
eng
080
_a
821.18
100
_a
22
101
_a
gjl
245
_a
LETERSIA BOTERORE 2
_c
MARASHI, A
942
_2
udc
_c
BK
999
_c
19980
_d
19980